000 00524cam a22001811 4500
082 _a522.7
_bVEL
_cL-27, P-15
100 1 _aVelikovsky, Immanuel,
_939576
245 1 0 _aWorlds in collision.
260 _a[New York,
_bDell Pub. Co.]
_c1965 [c1950]
300 _axxi, 401 p.
_c21cm.
490 0 _a(A Delta book)
500 _a"First Delta printing January 1965."
526 _a0
_b0
_c0
_d522_700000000000000_VEL
650 0 _aMCE
_9379
650 0 _aPlanets.
_939577
650 0 _aStars
_xFolklore.
_939578
942 _2ddc
_cBK
999 _c544038
_d544038